Missing Word: Mystery Actresses IV Quiz Stats

 Plays Quiz Updated Jul 13, 2012

Support Sporcle.
Go Orange.
Score 0/20 Timer 02:00
4 Plays Today
Answer % Correct
Home
97.5%
Blonde
95.5%
Good
94.5%
Hunchback
91.9%
Jane
88.3%
Purple
86%
Walk
84.8%
Fire
82.2%
Reese Witherspoon
81.5%
Guess
81.1%
Answer % Correct
Act
80.2%
Jack
77%
Whoopi Goldberg
74.1%
Demi Moore
71.5%
Cruel
70.6%
Golden
60.8%
Story
53.1%
Baby
52.1%
Corrina
51.9%
Katharine Hepburn
40.8%

Today's Daily Dose

You're not logged in!

Compare scores with friends on all Sporcle quizzes.
OR
Log In

From the Vault

Erase Europe by Capital

by goc3

There's no way we'd go Oslo as to make a geography pun.
Remove Ads.
Support Sporcle.
Get the best of Sporcle when you Go Orange. This ad-free experience offers more features, more stats, and more fun while also helping to support Sporcle. Thank you for becoming a member.

Show Comments

Extras

Top Quizzes Today


Score Distribution

Your Account Isn't Verified!

In order to create a playlist on Sporcle, you need to verify the email address you used during registration. Go to your Sporcle Settings to finish the process.

Report this User

Report this user for behavior that violates our Community Guidelines.

Details: